| 000 | 00661nam a2200193 i 4500 | ||
|---|---|---|---|
| 001 | 27975 | ||
| 003 | ES-MaACL | ||
| 005 | 20230906153735.0 | ||
| 007 | t| | ||
| 008 | 030116s1889 fr ||||1| fre d | ||
| 080 | _a936/938 | ||
| 100 | 1 |
_aArbois de Jubainville, H. d'. _922404 |
|
| 245 | 1 | 4 |
_aLes premiers habitants de l'Europe _b: d'après les écrivains de l'antiquité et les travaux des linguistes / _cpar H. d'Arbois de Jubainville. |
| 250 | _a2e éd. | ||
| 260 |
_a[S.l. : _bs.n., _c1889] ( _eChalillon sur Seine : _fCh. Puchat) |
||
| 300 |
_a2 v. ; _c26 cm. |
||
| 650 | 4 |
_aGrupos étnicos- _zEuropa- _vHistoria. _9144645 |
|
| 852 |
_aES-MaACL _jF-9643-44 |
||
| 999 |
_c27975 _d27975 |
||